| 000 | 00708nam a2200217 a 4500 | ||
|---|---|---|---|
| 001 | BRCA_1494 | ||
| 005 | 20190320203443.0 | ||
| 008 | 190508s1996----mx-a---###---#000-0#spa-# | ||
| 020 | _a9686520201 | ||
| 050 | 4 |
_aNK844 _b.R66 1996 |
|
| 100 | 1 |
_aRomero Giordano, Carlos _94882 |
|
| 245 | 1 | 0 |
_aManos mexicanas _bmaestros del arte popular _cCarlos Romero Giordano ; prólogo Ruth Lechuga ; fotografía Javier Hinojosa. |
| 260 |
_aMéxico _bJilguero _c1996 |
||
| 300 |
_a141 p. _bil. a color _c31 cm. |
||
| 504 | _aBibliografía : p. 141 | ||
| 650 | 1 | 4 |
_aArte popular _zMéxico _9882 |
| 650 | 1 | 4 |
_aCerámica _zMéxico _94783 |
| 700 | 1 |
_aLechuga, Ruth D _94883 |
|
| 700 | 1 |
_aHinojosa, Javier _94884 |
|
| 942 |
_2lcc _cB |
||
| 999 |
_c1355 _d1355 |
||